| 000 | nam a22 7a 4500 | ||
|---|---|---|---|
| 999 |
_c28763 _d28763 |
||
| 008 | 170317b xxu||||| |||| 00| 0 eng d | ||
| 020 | _a0072479949 | ||
| 050 | _aHB 172 .C65 2002 | ||
| 245 |
_aMicroeconomics / _cedited by Don Cole |
||
| 250 | _a6th ed. | ||
| 260 |
_aGuilford : _bMcGraw Hill , _c2002 . |
||
| 300 |
_ax, 213p. : _bill. ; |
||
| 500 | _aincludes index | ||
| 942 |
_2lcc _cBOOKS _hHB 172 .C65 2002 |
||